| 000 | 00838nac a22002897a 4500 | ||
|---|---|---|---|
| 001 | BR7201094 | ||
| 003 | BR-BrBNA | ||
| 005 | 20240105113452.0 | ||
| 008 | 230509b bl.|||m| |||| 00| 0 por d | ||
| 040 |
_aBR-BrBNA _bpor _cBiblioteca Nacional de Agricultura |
||
| 072 | _aQ02 | ||
| 090 | _a9140 BR7201094 | ||
| 100 | 1 | _aBorges, J.M. | |
| 110 | 1 | _aUniversidade Federal de Vicosa, MG (Brasil) | |
| 245 | 1 | _aIndustrializacao do abacaxi [Ananas comosus] | |
| 260 | 3 |
_aVicosa, MG (Brasil): _c1972. |
|
| 300 | _a12 p. | ||
| 490 |
_aSerie Tecnica. Boletim - Universidade Federal de Vicosa (Brazil) _vno. 34 _x |
||
| 500 | _a7 ref. | ||
| 650 | _aABACAXI | ||
| 650 | _aXAROPE | ||
| 650 | _aSUCO | ||
| 650 | _aPOLPA | ||
| 650 | _aINDUSTRIA ALIMENTICIA | ||
| 909 |
_a202312 _bLúcia Elande _c55 _dLúcia Elande |
||
| 942 |
_2AGRIS _n0 _cMS |
||
| 999 |
_c263900 _d263900 |
||